00734 2200193 4500001002100000005001500021035002000036245029100056100001200347250001000359300002400369006001800393008003900411260004600450082000700496084001300503600001000516990001400526INLIS00000000001005220260604024605 a0010-06260000141 aPERAN KADER KELUARGA BERENCANA DALAM PENGINPUTAN DATA ONLINE PK25 PADA BIDANG PENGENDALIAN PENDUDUK DAN KELUARGA BERENCANA DI DINAS PEMBERDAYAAN PEREMPUAN DAN PERLINDUNGAN ANAK SERTA PENGENDALIAN PENDUDUK DAN KELUARGA BERENCANA KABUPATEN KATINGAN KALIMANTAN TENGAH TAHUN 2025 /cYULITHA0 aYULITHA aCet 1 axv, 61 hlm :bilus.a 260604 | | |  aPalangka Raya :bPerpustakaan UMPR,c2025 a81 a81 YUL p 4aTESIS a238121914